Getting skills right: Assessing and anticipating changing skill needs
Na minha lista:
| Formato: | Livro |
|---|---|
| Idioma: | inglês |
| Publicado em: |
Paris
OECD
2016
|
| Assuntos: | |
| Tags: |
Sem tags, seja o primeiro a adicionar uma tag!
|
MARC
| LEADER | 00000nam a2200000 4500 | ||
|---|---|---|---|
| 001 | 0220000 | ||
| 005 | 20221107100938.5 | ||
| 020 | |a 978-92-64-25206-6 | ||
| 041 | 0 | |a eng | |
| 044 | |a FR | ||
| 245 | 1 | 0 | |a Getting skills right: Assessing and anticipating changing skill needs |
| 264 | 1 | |a Paris |b OECD |c 2016 | |
| 300 | |a 93 s. | ||
| 610 | 2 | 0 | |a firmy |
| 610 | 2 | 0 | |a náklady |
| 610 | 2 | 0 | |a zamestnanci |
| 610 | 2 | 0 | |a zručnosti |
| 610 | 2 | 0 | |a vedomosti |
| 610 | 2 | 0 | |a kvalifikácia |
| 610 | 2 | 0 | |a informácie |
| 610 | 2 | 0 | |a zber dát |
| 610 | 2 | 0 | |a využitie síl pracovných |
| 610 | 2 | 0 | |a produktivita práce |
| 610 | 2 | 0 | |a výkony pracovné |
| 610 | 2 | 0 | |a porovnanie štatistické medzinárodné |
| 610 | 2 | 0 | |a Európa |